00721nam a22002537a 4500003000500000005001700005008004100022010001000063011001000073035001000083040000900093082001700102100002200119245007600141260003900217300001900256490003900275650003900314650002100353650001700374700001900391700001800410830003900428CHAP20220329134159.0971013s1980 gw a r 00010 eng d a16633 a17605 a21688 cCHAP04a574.0151bJ300aJager, Willieed.1 aBiological growth and spread; mathematical theories and applications... aBerlín :bSpringer-Verlag,c1980 a511 p.b: ilus aLecture notes biomathematicsv; 3814aBiologíaxModelos matemáticos.14aBiomatemática.14aCitología.0 aRost, Hermann.0 aTautu, Petre.0 aLecture notes biomathematicsv; 38